Experiències 2on. : EGB

Saved in:
Bibliographic Details
Main Author: Codina, Maria Teresa, 1927-
Other Authors: Llupià, Montserrat Minguella, Carme Solé Vendrell, Carme, 1944- (Illustrator)
Format: Book
Language:Catalan
Published: Barcelona : Casals, 1981
Textbook Catalogue:MANES:  Library Catalog Search Result
Textbook Classification:
Tags: Add Tag
No Tags, Be the first to tag this record!
Added to:2005-06-16
Changed in:2025-05-07

MARC

LEADER 00000nam a2200000 a 4500
001 .b1694498
003 ES-BaCBU
005 20250507130140.0
008 050617s1981 spca || 000 ||cat|c
020 |a 8421809903 (Llibre de text) 
035 |a 8421802879  |9 ES-BaUB001  |a 0883-69960  |9 ES-BaUB035 
040 |a ES-BaCBU  |b cat  |c ES-BaCBU  |d ES-BaUB 
100 1 |a Codina, Maria Teresa,  |d 1927-  |9 31536 
245 1 0 |a Experiències 2on. :  |b EGB /  |c text: Maria Teresa Codina, Montserrat Llupià, Carme Minguella ; il.lustració: Carme Solé 
260 |a Barcelona :  |b Casals,  |c 1981 
300 |a vol. 
546 |a España 
561 |5 es-CRAI  |3 p1 TX EGB 6/2 CAS  |a España. Biblioteca Universitat de Barcelona  |k MANES 
690 0 |a CS  |a CN 
691 0 |a PRI 
700 1 |a Llupià, Montserrat  |9 31538  |a Minguella, Carme  |9 31539  |a Solé Vendrell, Carme,  |d 1944-,  |e il.  |9 33394 
856 |y Registro en Cercabib - CRAI 
942 |2 ddc  |c BK 
999 |c 89977  |d 89977 
999 |c manes:89977  |d 89977